| 000 | 00761nam a2200289Ia 4500 | ||
|---|---|---|---|
| 001 | 76358 | ||
| 003 | IT-RoPAU | ||
| 008 | 130308s9999 xx 000 0 und d | ||
| 040 | _aIT-RoPAU | ||
| 040 | _cIT-RoPAU | ||
| 041 | _aINGLESE | ||
| 100 | _aRabin Chaim | ||
| 100 | _gCodice Aut. SPICS: 26528 | ||
| 245 | _aDiscourse Status of Commentary (The) | ||
| 245 | _bStudying Writing: Linguistic Approaches | ||
| 250 | _a1a ed. | ||
| 260 | _aLONDON | ||
| 260 | _bSage Publications B.H. | ||
| 260 | _c1986 [1° Ed.:1986 - Ed.Ling.Originale:1986] | ||
| 300 | _a"11 p. (prefazione: no ; testo: 11 [pagine: 215-225])" | ||
| 650 | _aLINGUISTICA | ||
| 650 | _eCodice materia Spics: 3201 | ||
| 942 | _cBK | ||
| 957 | _71 | ||
| 999 |
_c39239 _d39239 |
||
| 999 | _bSI | ||
| 999 | _g1 | ||